000 01105nam a2200289 i 4500
003 DO-SdBNP
005 20241002133542.0
006 a||||gr|||| 00| 0
007 ta
008 240122e1967 dr ab||| |||| 00| e spa d
040 _aDO-SdBNP
_bspa
_cBNPHU
_erda
082 4 _a22
_2972.9301
_bP949c
100 1 _aPriego, Joaquín R.
_970051
_eautor
245 1 0 _aCultura taína /
_cJoaquín R. Priego.
264 _aSanto Domingo :
_bSecretaría de Estado de Educación Bellas Artes y Cultos,
_c1967.
300 _a153 páginas :
_bIlustraciones, mapas, retrato ;
_c20 cm.
336 _2rdacontent
_atexto
_btxt
337 _2rdamedia
_asin mediación
_bn
338 _2rdacarrier
_avolumen
_bnc
500 _aEstudio sobre prehistoria indigenista taína, en forma didáctica e ilustrada, como un aporte a la cultura dominicana.
590 _aInventariado 2024 / MF
650 4 _aIndígenas de las antillas
_xHistoria
_944150
650 4 _aIndígenas de la República Dominicana
_zLa Española (Isla)
_938677
650 4 _aCultura Taína
_zHispaniola
_xHistoria
_977711
910 _aMF
942 _2ddc
_cLBS1
999 _c42222
_d42222